Les 15 pays possédant le plus d'or - Statistiques

Statistiques générales
  • Ce quiz a été pris 104 fois
  • Le résultat moyen est 11 sur 15
Statistiques - réponses
Tonnes d'or Pays % Correct
8 134,00 Etats-Unis
97%
1 842,60 Chine
96%
2 436,00 France
93%
1 909,80 Russie
93%
765,20 Japon
91%
3 371,00 Allemagne
90%
2 451,80 Italie
88%
310,30 Royaume-Uni
87%
560,30 Inde
80%
1 040,00 Suisse
65%
322,90 Arabie Saoudite
60%
612,50 Pays-Bas
51%
382,50 Portugal
34%
314,30 Kazakhstan
14%
504,77 Taiwan
14%
Aucun quiz correspondant
Distribution des résultats
% des personnes avec chaque résultat
Percentile par nombre de réponses
Votre historique - résultats
Vous n’avez pas pris ce quiz